[Event "London Classic Super rapid 8th"]
[Site "London"]
[Date "2016.12.18"]
[Round "6"]
[White "Hector, Jonny"]
[Black "Caoili, Arianne"]
[Result "1-0"]
[WhiteElo "2488"]
[BlackElo "2137"]
[PlyCount "115"]
[EventDate "2016.12.17"]
[EventType "swiss (rapid)"]
[EventRounds "10"]
[EventCountry "ENG"]
[SourceTitle "CBM 176 Extra"]
[Source "ChessBase"]
[SourceDate "2017.03.02"]
[SourceVersion "1"]
[SourceVersionDate "2017.03.02"]
[SourceQuality "1"]

1. d4 f5 2. Nc3 Nf6 3. Bg5 d5 4. Bxf6 exf6 5. e3 c6 6. Bd3 Bd6 7. Qf3 g6 8. h4 h5 9. Nge2 Be6 10. Nf4 Bf7 11. 0-0-0 Na6 12. Qe2 Nb4 13. f3 Bxf4 14. exf4+ Kf8 15. g4 Qd6 16. gxf5 Nxd3+ 17. Qxd3 Qxf4+ 18. Kb1 Qxf5 19. Qxf5 gxf5 20. Ne2 Re8 21. Nf4 Re3 22. Rdf1 Rg8 23. Rh3 Ke7 24. Kc1 Kd6 25. Kd2 Re7 26. Rhh1 c5 27. dxc5+ Kxc5 28. Rhg1 Ree8 29. Rxg8 Rxg8 30. Re1 Kd6 31. b3 Rg3 32. Ke3 Rg8 33. Kd4 Rg3 34. Rf1 Rg8 35. Rd1 Rc8 36. Rd2 Rg8 37. Rd1 Rc8 38. c3 Rg8 39. Ke3 Re8+ 40. Kf2 Ke5 41. Ke3 Kd6+ 42. Kd4 Rg8 43. Rf1 Rg3 44. Ke3 Rg8 45. Rd1 Re8+ 46. Kf2 Ke5 47. Nd3+ Kd6 48. Nb4 a5 49. Nxd5 Ke5 50. Nb6 Be6 51. Nc4+ Bxc4 52. Re1+ Kd6 53. Rxe8 Be6 54. Rb8 Kc7 55. Rf8 a4 56. Rxf6 Kd7 57. bxa4 Ke7 58. Rh6 1-0

[Event "Stepanakert rapid (Women)"]
[Site "Stepanakert"]
[Date "2015.05.10"]
[Round "7"]
[White "Caoili, Arianne"]
[Black "Danielian, Elina"]
[Result "0-1"]
[WhiteElo "2164"]
[BlackElo "2458"]
[PlyCount "78"]
[EventDate "2015.05.08"]
[EventType "tourn (rapid)"]
[EventRounds "9"]
[EventCountry "ARM"]
[EventCategory "2"]
[SourceTitle "EXT 2016"]
[Source "ChessBase"]
[SourceDate "2015.10.08"]
[SourceVersion "1"]
[SourceVersionDate "2015.10.08"]
[SourceQuality "1"]

1. Nf3 Nf6 2. g3 b5 3. Bg2 Bb7 4. 0-0 e6 5. d4 Be7 6. Nbd2 0-0 7. Re1 d5 8. Ne5 c5 9. e3 Nbd7 10. f4 Qb6 11. Ndf3 Rad8 12. c3 b4 13. Bd2 a5 14. Nxd7 Rxd7 15. Ne5 Rc7 16. g4 cxd4 17. cxd4 Ne4 18. Rc1 Bh4 19. Rf1 Ba6 20. Bxe4 dxe4 21. Rxc7 Qxc7 22. Qc1 Qb7 23. Nc4 Qd5 24. b3 h6 25. Qb1 f5 26. gxf5 exf5 27. Rc1 Kh7 28. Ne5 Qb5 29. Nc4 Qe8 30. Be1 Qh5 31. Bxh4 Qxh4 32. Ne5 Qh3 33. Re1 Rc8 34. Qb2 g5 35. d5 gxf4 36. d6 Rg8+ 37. Kh1 Bf1 38. d7 Bg2+ 39. Kg1 Bf3+ 0-1

[Event "London Classic op 4th"]
[Site "London"]
[Date "2012.12.08"]
[Round "8"]
[White "Caoili, Arianne"]
[Black "Kvisvik, Brede Alexander"]
[Result "0-1"]
[WhiteElo "2202"]
[BlackElo "2316"]
[PlyCount "38"]
[EventDate "2012.12.01"]
[EventType "swiss"]
[EventRounds "9"]
[EventCountry "ENG"]
[SourceTitle "EXT 2014"]
[Source "ChessBase"]
[SourceDate "2013.11.20"]
[SourceVersion "1"]
[SourceVersionDate "2013.11.20"]
[SourceQuality "1"]

1. d4 Nf6 2. Nf3 e6 3. c4 b6 4. g3 Bb4+ 5. Bd2 Be7 6. Bg2 c6 7. 0-0 d5 8. Ne5 0-0 9. Qc2 Nfd7 10. cxd5 Nxe5 11. dxc6 Nexc6 12. Bxc6 Nxc6 13. Qxc6 Ba6 14. Qe4 Qd7 15. Bc3 f5 16. Qc2 f4 17. Re1 e5 18. Qe4 Bb7 19. Qxe5 Rf5 0-1

[Event "London Classic op 4th"]
[Site "London"]
[Date "2012.12.07"]
[Round "7"]
[White "Pert, Richard G"]
[Black "Caoili, Arianne"]
[Result "1-0"]
[WhiteElo "2454"]
[BlackElo "2202"]
[PlyCount "123"]
[EventDate "2012.12.01"]
[EventType "swiss"]
[EventRounds "9"]
[EventCountry "ENG"]
[SourceTitle "CBM 151 Extra"]
[Source "ChessBase"]
[SourceDate "2012.12.18"]
[SourceVersion "1"]
[SourceVersionDate "2012.12.18"]
[SourceQuality "1"]

1. d4 Nf6 2. Bg5 e6 3. e4 h6 4. Bxf6 Qxf6 5. c3 c5 6. Nf3 Nc6 7. Bb5 a6 8. Bxc6 bxc6 9. 0-0 cxd4 10. cxd4 c5 11. e5 Qf5 12. Nbd2 Bb7 13. Rc1 Be7 14. dxc5 0-0 15. Re1 f6 16. c6 Bxc6 17. Nd4 Qd3 18. Nxc6 dxc6 19. exf6 Bxf6 20. Ne4 Qxd1 21. Nxf6+ Rxf6 22. Rexd1 Rb8 23. b3 e5 24. f3 Rb5 25. Rd8+ Kh7 26. Rc8 Rd5 27. a4 Rdd6 28. h3 Rfe6 29. Rc2 a5 30. Kf2 Kg6 31. Ke3 Kf7 32. Rc7+ Kf6 33. Rc5 Rd4 34. R7xc6 Rb4 35. Rxe6+ Kxe6 36. Rxa5 Rxb3+ 37. Kf2 Rb2+ 38. Kg3 Ra2 39. Ra7 Kf6 40. h4 Re2 41. Rb7 Ra2 42. Ra7 Re2 43. a5 e4 44. fxe4 Rxe4 45. Rb7 Ra4 46. Rb6+ Kf5 47. Rb5+ Ke4 48. h5 Ke3 49. Re5+ Kd3 50. Kf3 Ra1 51. Kg4 Kd4 52. Re7 Rxa5 53. Rxg7 Ke3 54. Rg6 Kf2 55. Rxh6 Kxg2 56. Rf6 Ra3 57. h6 Rg3+ 58. Kf5 Rh3 59. Kg6 Rg3+ 60. Kf7 Rh3 61. Kg7 Kh2 62. h7 1-0

[Event "London Classic op 4th"]
[Site "London"]
[Date "2012.12.04"]
[Round "4"]
[White "Sarakauskas, Gediminas"]
[Black "Caoili, Arianne"]
[Result "1-0"]
[WhiteElo "2408"]
[BlackElo "2202"]
[PlyCount "65"]
[EventDate "2012.12.01"]
[EventType "swiss"]
[EventRounds "9"]
[EventCountry "ENG"]
[SourceTitle "CBM 151 Extra"]
[Source "ChessBase"]
[SourceDate "2012.12.18"]
[SourceVersion "1"]
[SourceVersionDate "2012.12.18"]
[SourceQuality "1"]

1. e4 e5 2. Nf3 Nc6 3. Bb5 a6 4. Ba4 Nf6 5. 0-0 Be7 6. Re1 b5 7. Bb3 d6 8. c3 0-0 9. h3 Na5 10. Bc2 c5 11. d4 Nd7 12. dxc5 dxc5 13. Nbd2 Qc7 14. Nf1 Rd8 15. Ne3 Nb6 16. Nd5 Nxd5 17. exd5 f6 18. Nh4 g6 19. Nxg6 hxg6 20. Bxg6 Nc4 21. Qh5 Bf8 22. Re4 Ra7 23. a4 Nd6 24. Rh4 Qg7 25. axb5 Nxb5 26. c4 Nd4 27. Ra3 Ne2+ 28. Qxe2 Qxg6 29. Rg3 Qxg3 30. fxg3 Rh7 31. Rxh7 Kxh7 32. Qh5+ Kg8 33. Qg6+ 1-0

[Event "Olympiad Women-40"]
[Site "Istanbul"]
[Date "2012.09.04"]
[Round "7.1"]
[White "Mona, Khaled"]
[Black "Caoili, Arianne"]
[Result "1-0"]
[WhiteElo "2121"]
[BlackElo "2204"]
[PlyCount "79"]
[EventDate "2012.08.28"]
[EventType "team-swiss"]
[EventRounds "11"]
[EventCountry "TUR"]
[SourceTitle "CBM 150 Extra"]
[Source "ChessBase"]
[SourceDate "2012.10.19"]
[SourceVersion "1"]
[SourceVersionDate "2012.10.19"]
[SourceQuality "1"]
[WhiteTeam "Egypt (W)"]
[BlackTeam "Australia (W)"]
[WhiteTeamCountry "EGY"]
[BlackTeamCountry "AUS"]

1. e4 c5 2. Nf3 e6 3. d3 Nc6 4. g3 d5 5. Nbd2 Bd6 6. Bg2 Nge7 7. 0-0 0-0 8. Re1 f6 9. c3 b6 10. Qe2 Bc7 11. a3 Rb8 12. b4 d4 13. Bb2 e5 14. b5 dxc3 15. Bxc3 Na5 16. Nc4 a6 17. a4 axb5 18. axb5 Nb7 19. Qf1 Qd7 20. Reb1 Rd8 21. Ne1 Nd6 22. Nxd6 Qxd6 23. Bh3 Bd7 24. Bxd7 Qxd7 25. Qe2 Nc8 26. Ra6 Nd6 27. Qb2 Kh8 28. Nc2 Ne8 29. Rd1 Bd6 30. Raa1 Nc7 31. Rab1 Qg4 32. Ne3 Qf3 33. Qb3 Be7 34. Qf7 Bd6 35. Nf5 Ne8 36. h3 Rbc8 37. Nh4 Qe2 38. Rd2 Rc7 39. Qxc7 Qxd2 40. Qxd8 1-0

[Event "Doeberl Cup 50th"]
[Site "Canberra"]
[Date "2012.04.06"]
[Round "3"]
[White "Beaumont, David"]
[Black "Caoili, Arianne"]
[Result "1/2-1/2"]
[WhiteElo "2050"]
[BlackElo "2269"]
[PlyCount "135"]
[EventDate "2012.04.05"]
[EventType "swiss"]
[EventRounds "9"]
[EventCountry "AUS"]
[SourceTitle "CBM 147 Extra"]
[Source "ChessBase"]
[SourceDate "2012.04.24"]
[SourceVersion "1"]
[SourceVersionDate "2012.04.24"]
[SourceQuality "1"]

1. d4 Nf6 2. c4 c5 3. d5 e5 4. Nc3 d6 5. h3 Nbd7 6. g4 h6 7. e3 g6 8. Nge2 Bg7 9. Ng3 h5 10. g5 Ng8 11. Nge4 Nb6 12. a4 Bf5 13. a5 Nc8 14. Qa4+ Bd7 15. Qa3 f5 16. gxf6 Nxf6 17. b4 Nxe4 18. Nxe4 Qh4 19. Bd3 0-0 20. Ra2 cxb4 21. Qxb4 Bf5 22. Qb1 Bxe4 23. Bxe4 Ne7 24. Ba3 Nf5 25. Qd3 Rac8 26. Rc2 Bh6 27. Rg1 Bg5 28. Bxf5 Rxf5 29. Bxd6 Qxh3 30. Qe4 Qh4 31. Qxh4 Bxh4 32. Rxg6+ Kh7 33. Rg2 e4 34. Kd1 Bd8 35. Bb4 h4 36. Rc1 h3 37. Rh2 Rh5 38. Bd2 Bc7 39. Rh1 h2 40. Ke2 Rg8 41. Rb1 b6 42. a6 Rhg5 43. Bb4 Rg1 44. d6 Bxd6 45. Bxd6 Rxb1 46. Rxh2+ Kg6 47. Rg2+ Kf7 48. Rxg8 Kxg8 49. c5 bxc5 50. Bxc5 Ra1 51. Bxa7 Rxa6 52. Bd4 Rh6 53. Be5 Rh5 54. Bf4 Rh3 55. Bg3 Kf7 56. Kf1 Rh1+ 57. Kg2 Re1 58. Bf4 Ke6 59. f3 Kf5 60. fxe4+ Kxe4 61. Kf2 Ra1 62. Bh6 Ra6 63. Bg5 Rg6 64. Bf4 Rg4 65. Bh6 Rg8 66. Bf4 Rg6 67. Bg3 Rh6 68. Bf4 1/2-1/2

[Event "Marianske Lazne Czech Coal m"]
[Site "Marianske Lazne"]
[Date "2010.11.25"]
[Round "6"]
[White "Caoili, Arianne"]
[Black "Uhlmann, Wolfgang"]
[Result "1-0"]
[WhiteElo "2242"]
[BlackElo "2412"]
[PlyCount "79"]
[EventDate "2010.11.20"]
[EventType "schev"]
[EventRounds "8"]
[EventCountry "CZE"]
[SourceTitle "CBM 139 Extra"]
[Source "ChessBase"]
[SourceDate "2011.01.05"]
[SourceVersion "1"]
[SourceVersionDate "2011.01.05"]
[SourceQuality "1"]
[WhiteTeam "Snowdrops"]
[BlackTeam "Veterans"]
[WhiteTeamCountry "CZE"]
[BlackTeamCountry "CZE"]

1. e4 e6 2. d4 d5 3. Nc3 Bb4 4. a3 Bxc3+ 5. bxc3 dxe4 6. Qg4 Nf6 7. Qxg7 Rg8 8. Qh6 Rg6 9. Qe3 Nbd7 10. Ne2 Nb6 11. Ng3 Qd5 12. Be2 Qc6 13. Rb1 Nbd5 14. Bb5 Qxb5 15. Rxb5 Nxe3 16. Bxe3 b6 17. c4 Ba6 18. Rb4 Bb7 19. h3 0-0-0 20. c3 h5 21. h4 Ng4 22. Ke2 Rh8 23. Rb5 f5 24. Bg5 a5 25. f3 exf3+ 26. gxf3 Nf6 27. Rbb1 Nh7 28. Bf4 Rhg8 29. Rhg1 Ba6 30. Kf2 Nf6 31. Be5 Bxc4 32. Bxf6 Rxf6 33. Nxh5 Rxg1 34. Rxg1 Rh6 35. Rg5 Kd7 36. Kg3 Kc6 37. Nf4 Kb5 38. Rg7 c5 39. Rg6 Rh7 40. Nxe6 1-0

[Event "Marianske Lazne Czech Coal m"]
[Site "Marianske Lazne"]
[Date "2010.11.20"]
[Round "1"]
[White "Caoili, Arianne"]
[Black "Hort, Vlastimil"]
[Result "1/2-1/2"]
[WhiteElo "2242"]
[BlackElo "2473"]
[PlyCount "56"]
[EventDate "2010.11.20"]
[EventType "schev"]
[EventRounds "8"]
[EventCountry "CZE"]
[SourceTitle "CBM 139 Extra"]
[Source "ChessBase"]
[SourceDate "2011.01.05"]
[SourceVersion "1"]
[SourceVersionDate "2011.01.05"]
[SourceQuality "1"]
[WhiteTeam "Snowdrops"]
[BlackTeam "Veterans"]
[WhiteTeamCountry "CZE"]
[BlackTeamCountry "CZE"]

1. e4 e5 2. Bc4 Nf6 3. d3 Nc6 4. Nf3 Bc5 5. c3 d6 6. Bb3 a6 7. Nbd2 Ba7 8. h3 h6 9. Nf1 Be6 10. Qe2 Qd7 11. Ng3 g6 12. Be3 Bxe3 13. Qxe3 Bxb3 14. axb3 Qe6 15. b4 Rd8 16. 0-0 d5 17. exd5 Nxd5 18. Qc1 g5 19. d4 Nf4 20. Qc2 0-0 21. Rfe1 Rd5 22. dxe5 Nxe5 23. Nd4 Rxd4 24. cxd4 Nf3+ 25. Kf1 Nh2+ 26. Kg1 Nf3+ 27. Kf1 Nh2+ 28. Kg1 Nf3+ 1/2-1/2

[Event "Olympiad Women-39"]
[Site "Khanty-Mansiysk"]
[Date "2010.09.27"]
[Round "6.15"]
[White "Caoili, Arianne"]
[Black "Sebag, Marie"]
[Result "1/2-1/2"]
[WhiteElo "2243"]
[BlackElo "2499"]
[PlyCount "103"]
[EventDate "2010.09.21"]
[EventType "team-swiss"]
[EventRounds "11"]
[EventCountry "RUS"]
[SourceTitle "CBM 139"]
[Source "ChessBase"]
[SourceDate "2010.11.18"]
[SourceVersion "1"]
[SourceVersionDate "2010.11.18"]
[SourceQuality "1"]
[WhiteTeam "Australia (W)"]
[BlackTeam "France (W)"]
[WhiteTeamCountry "AUS"]
[BlackTeamCountry "FRA"]

1. d4 d5 2. c4 c6 3. cxd5 cxd5 4. Nc3 Nf6 5. Bf4 Nc6 6. e3 a6 7. Bd3 Bg4 8. f3 Bh5 9. Qb3 Ra7 10. g4 Bg6 11. Bxg6 hxg6 12. g5 Na5 13. Qc2 Nh5 14. Be5 e6 15. h4 Nc4 16. Kf2 b5 17. Bh2 Bd6 18. Bxd6 Qxd6 19. Nge2 Rc7 20. Rac1 Qd7 21. Qb1 b4 22. Nd1 0-0 23. b3 Na3 24. Rxc7 Qxc7 25. Qd3 Nb5 26. Nb2 Nc3 27. f4 Ne4+ 28. Kg2 Qd7 29. Nc4 dxc4 30. Qxe4 c3 31. Nc1 Qb5 32. Rd1 Rc8 33. Qc2 Qc6+ 34. Kf2 a5 35. Nd3 Qd5 36. Ne5 Qb5 37. Rc1 Rb8 38. Qd3 Qd5 39. Rd1 a4 40. Qc4 Qe4 41. bxa4 Ra8 42. Qd3 Qf5 43. Qxf5 gxf5 44. Nd3 Rxa4 45. Kf3 Rxa2 46. Nxb4 Rh2 47. Rc1 Rh3+ 48. Kf2 Rh2+ 49. Kf3 Rh3+ 50. Kf2 Rh2+ 51. Kf3 Rh3+ 52. Kf2 1/2-1/2

[Event "Olympiad Women-39"]
[Site "Khanty-Mansiysk"]
[Date "2010.09.24"]
[Round "4.42"]
[White "Caoili, Arianne"]
[Black "Siddiqui, Nida Mishraz"]
[Result "1-0"]
[WhiteElo "2243"]
[BlackElo "1796"]
[PlyCount "55"]
[EventDate "2010.09.21"]
[EventType "team-swiss"]
[EventRounds "11"]
[EventCountry "RUS"]
[SourceTitle "CBM 139"]
[Source "ChessBase"]
[SourceDate "2010.11.18"]
[SourceVersion "1"]
[SourceVersionDate "2010.11.18"]
[SourceQuality "1"]
[WhiteTeam "Australia (W)"]
[BlackTeam "Pakistan (W)"]
[WhiteTeamCountry "AUS"]
[BlackTeamCountry "PAK"]

1. e4 e5 2. Nf3 Nc6 3. Bb5 a6 4. Ba4 Nf6 5. 0-0 Be7 6. Re1 b5 7. Bb3 0-0 8. c3 d5 9. exd5 Nxd5 10. h3 Bf6 11. a4 Bb7 12. Na3 Nf4 13. d4 Ng6 14. Be3 Nh4 15. Nxh4 Bxh4 16. axb5 axb5 17. Nxb5 exd4 18. Nxd4 Na5 19. Ba2 Qf6 20. Qh5 g6 21. Qh6 c5 22. Ne2 Qc6 23. Nf4 g5 24. Qxc6 Bxc6 25. Nd5 Bxd5 26. Bxd5 Rfd8 27. Bxa8 Rxa8 28. g3 1-0

[Event "Olympiad Women-39"]
[Site "Khanty-Mansiysk"]
[Date "2010.09.23"]
[Round "3.18"]
[White "Caoili, Arianne"]
[Black "Cori Tello, Deysi Estella"]
[Result "0-1"]
[WhiteElo "2243"]
[BlackElo "2368"]
[PlyCount "80"]
[EventDate "2010.09.21"]
[EventType "team-swiss"]
[EventRounds "11"]
[EventCountry "RUS"]
[SourceTitle "CBM 139"]
[Source "ChessBase"]
[SourceDate "2010.11.18"]
[SourceVersion "1"]
[SourceVersionDate "2010.11.18"]
[SourceQuality "1"]
[WhiteTeam "Australia (W)"]
[BlackTeam "Peru (W)"]
[WhiteTeamCountry "AUS"]
[BlackTeamCountry "PER"]

1. c4 Nf6 2. Nc3 e6 3. e4 d5 4. e5 d4 5. exf6 dxc3 6. bxc3 Qxf6 7. Nf3 e5 8. d4 exd4 9. Bg5 Qe6+ 10. Be2 Be7 11. Bxe7 Qxe7 12. cxd4 0-0 13. 0-0 Rd8 14. Re1 Qf6 15. Qb3 Nc6 16. d5 Na5 17. Qb4 b6 18. Bd3 Ba6 19. Rac1 Re8 20. Qa4 Rxe1+ 21. Rxe1 g6 22. Ne5 Rd8 23. h3 Kg7 24. Re3 Bb7 25. Qb4 Bc8 26. Nf3 c6 27. Re7 cxd5 28. cxd5 Rxd5 29. Re8 Rc5 30. Ne5 Be6 31. Ng4 Bxg4 32. hxg4 Nc6 33. Qd2 Qd4 34. Qe2 Ne5 35. Bc2 Nxg4 36. Re4 Qxf2+ 37. Qxf2 Nxf2 38. Re2 Ng4 39. g3 Rc3 40. Kg2 Rxc2 0-1

[Event "London Classic (Women)"]
[Site "London"]
[Date "2009.12.14"]
[Round "8"]
[White "Caoili, Arianne"]
[Black "Chevannes, Sabrina"]
[Result "1-0"]
[WhiteElo "2206"]
[BlackElo "2042"]
[PlyCount "107"]
[EventDate "2009.12.08"]
[EventType "tourn"]
[EventRounds "9"]
[EventCountry "ENG"]
[SourceTitle "CBM 133 Extra"]
[Source "ChessBase"]
[SourceDate "2010.01.05"]
[SourceVersion "1"]
[SourceVersionDate "2010.01.05"]
[SourceQuality "1"]

1. e4 c6 2. c4 d5 3. exd5 Nf6 4. Nc3 cxd5 5. cxd5 Nxd5 6. Nf3 Nxc3 7. bxc3 g6 8. Bb5+ Bd7 9. Qb3 Bxb5 10. Qxb5+ Qd7 11. Qe5 f6 12. Qe2 Bg7 13. 0-0 Nc6 14. Ba3 0-0 15. Rfe1 Rfe8 16. d4 e5 17. Qb5 e4 18. Nd2 f5 19. Rab1 b6 20. Nc4 Red8 21. Bd6 Na5 22. Qd5+ Qf7 23. Qxf7+ Kxf7 24. Ne5+ Ke6 25. Bb4 Bxe5 26. Bxa5 Bxd4 27. cxd4 bxa5 28. Rb5 Rd5 29. Rb7 Rxd4 30. Rxh7 Rd2 31. f3 Rxa2 32. fxe4 fxe4 33. Rxe4+ Kf5 34. Rhh4 g5 35. Rhg4 Rc8 36. h4 Rcc2 37. hxg5 Rxg2+ 38. Rxg2 Ra1+ 39. Kh2 Kxe4 40. g6 Rb1 41. g7 Rb8 42. g8Q Rxg8 43. Rxg8 Kd5 44. Rg5+ Kc6 45. Rxa5 Kb6 46. Ra1 a5 47. Kg2 Kb5 48. Kf2 Kb4 49. Ke2 a4 50. Kd2 Kb3 51. Kc1 a3 52. Kb1 Ka4 53. Ka2 Kb4 54. Rh1 1-0

[Event "London Classic (Women)"]
[Site "London"]
[Date "2009.12.11"]
[Round "4"]
[White "Caoili, Arianne"]
[Black "Van Weersel, Arlette"]
[Result "1-0"]
[WhiteElo "2206"]
[BlackElo "2193"]
[PlyCount "128"]
[EventDate "2009.12.08"]
[EventType "tourn"]
[EventRounds "9"]
[EventCountry "ENG"]
[SourceTitle "CBM 133 Extra"]
[Source "ChessBase"]
[SourceDate "2010.01.05"]
[SourceVersion "1"]
[SourceVersionDate "2010.01.05"]
[SourceQuality "1"]

1. e4 e5 2. Nf3 Nc6 3. Bb5 a6 4. Ba4 Nf6 5. 0-0 Be7 6. Re1 b5 7. Bb3 0-0 8. c3 d6 9. h3 Na5 10. Bc2 c5 11. d4 Nc6 12. d5 Nb8 13. b3 Kh8 14. a4 b4 15. cxb4 cxb4 16. a5 Nbd7 17. Bd2 Rb8 18. Ra4 Rb5 19. Bxb4 Nc5 20. Nc3 Rxb4 21. Rxb4 Qxa5 22. Rc4 Qd8 23. Na4 Nxa4 24. Rxa4 Nd7 25. b4 g6 26. Bd3 Nb8 27. Qe2 Qd7 28. Ra2 Bd8 29. Qe3 Kg7 30. Rb1 Qb7 31. b5 a5 32. b6 Nd7 33. Rxa5 Bxb6 34. Qc1 Qc7 35. Qxc7 Bxc7 36. Ra7 Bd8 37. Ra8 Be7 38. Ba6 Bxa6 39. Rxa6 Nc5 40. Ra7 Bf6 41. Rb4 Kg8 42. Nd2 Bg5 43. Nb3 Nd3 44. Rbb7 h5 45. Kf1 Nb2 46. Ke2 Rc8 47. Rxf7 Rc2+ 48. Kf1 Nd3 49. g3 Rb2 50. Na5 Rb1+ 51. Ke2 Nc5 52. Rg7+ Kh8 53. Nc6 Nxe4 54. Rgc7 Rb2+ 55. Kf3 Nf6 56. Rc8+ Ng8 57. Raa8 e4+ 58. Kxe4 Rxf2 59. Rxg8+ Kh7 60. Rh8+ Kg7 61. Rag8+ Kf7 62. Rf8+ Kg7 63. Rxf2 Kxh8 64. Rf7 Bd2 1-0

[Event "London Classic (Women)"]
[Site "London"]
[Date "2009.12.10"]
[Round "3"]
[White "Lalic, Susan"]
[Black "Caoili, Arianne"]
[Result "1-0"]
[WhiteElo "2310"]
[BlackElo "2206"]
[PlyCount "119"]
[EventDate "2009.12.08"]
[EventType "tourn"]
[EventRounds "9"]
[EventCountry "ENG"]
[SourceTitle "CBM 133 Extra"]
[Source "ChessBase"]
[SourceDate "2010.01.05"]
[SourceVersion "1"]
[SourceVersionDate "2010.01.05"]
[SourceQuality "1"]

1. e4 e5 2. Nf3 Nc6 3. Nc3 Nf6 4. g3 Bc5 5. Bg2 0-0 6. Nxe5 Bxf2+ 7. Kxf2 Nxe5 8. d4 Ng6 9. e5 Ne8 10. Re1 d6 11. Qh5 c5 12. Nd5 cxd4 13. Bg5 Qd7 14. Be4 Qh3 15. Qxh3 Bxh3 16. g4 Bxg4 17. Kg3 Bh5 18. Ne7+ Kh8 19. Nxg6+ Bxg6 20. Be7 Rg8 21. exd6 Nf6 22. Bxg6 fxg6 23. Rad1 Nd7 24. Rxd4 Rac8 25. c4 h6 26. b3 Kh7 27. h4 Rc5 28. Re6 Re8 29. Kh3 Rf5 30. Rg4 Nf8 31. Re2 Nd7 32. Rg3 Rf7 33. Reg2 Ne5 34. c5 Nc6 35. b4 Nxe7 36. dxe7 Rfxe7 37. Rxg6 Re3+ 38. R6g3 R3e4 39. Rg4 Re3+ 40. R2g3 Re2 41. a3 R8e7 42. Rc4 Rc7 43. b5 Rb2 44. a4 Rf7 45. c6 bxc6 46. bxc6 Rc7 47. Rd3 Rf2 48. Rd7 Rxd7 49. cxd7 Rd2 50. Rc7 a5 51. h5 Rd1 52. Kg4 Rd5 53. Kf3 Rd4 54. Ke3 Rd1 55. Ke4 Rd2 56. Ke5 Rd1 57. Ke6 Rd2 58. Rc5 g6 59. Rd5 Re2+ 60. Kd6 1-0

[Event "Doeberl Cup 47th"]
[Site "Canberra"]
[Date "2009.04.11"]
[Round "5"]
[White "Caoili, Arianne"]
[Black "Ghane Gardeh, Shojaat"]
[Result "1-0"]
[WhiteElo "2172"]
[BlackElo "2415"]
[PlyCount "61"]
[EventDate "2009.04.09"]
[EventType "swiss"]
[EventRounds "9"]
[EventCountry "AUS"]
[SourceTitle "CBM 129 Extra"]
[Source "ChessBase"]
[SourceDate "2009.05.05"]
[SourceVersion "2"]
[SourceVersionDate "2009.05.20"]
[SourceQuality "1"]

1. e4 e6 2. d4 d5 3. Nc3 Nf6 4. Bg5 Be7 5. e5 Nfd7 6. Bxe7 Qxe7 7. f4 0-0 8. Nf3 c5 9. Qd2 Nc6 10. dxc5 f6 11. exf6 Qxf6 12. g3 Nxc5 13. 0-0-0 Rd8 14. Bd3 Bd7 15. h4 a6 16. Ng5 h6 17. Nf3 Rac8 18. Kb1 b5 19. g4 b4 20. Ne2 Na4 21. Qc1 Qe7 22. g5 h5 23. Ne5 Qc5 24. Nxc6 Rxc6 25. Nd4 Rb6 26. Ka1 Qd6 27. Rhe1 Nc3 28. bxc3 bxc3 29. Nb3 a5 30. Qe3 a4 31. Nc5 1-0

[Event "Olympiad Women-38"]
[Site "Dresden"]
[Date "2008.11.23"]
[Round "10"]
[White "Cramling, Pia"]
[Black "Caoili, Arianne"]
[Result "1-0"]
[WhiteElo "2550"]
[BlackElo "2170"]
[PlyCount "79"]
[EventDate "2008.11.13"]
[EventType "team-swiss"]
[EventRounds "11"]
[EventCountry "GER"]
[SourceTitle "CBM 128"]
[Source "ChessBase"]
[SourceDate "2009.01.28"]
[SourceVersion "1"]
[SourceVersionDate "2009.01.28"]
[SourceQuality "1"]
[WhiteTeam "Sweden (W)"]
[BlackTeam "Australia (W)"]
[WhiteTeamCountry "SWE"]
[BlackTeamCountry "AUS"]

1. d4 d5 2. Nf3 c6 3. c4 dxc4 4. e3 Be6 5. Nc3 b5 6. a4 b4 7. Ne4 Nf6 8. Ng3 Bd5 9. Qc2 Bxf3 10. gxf3 a5 11. Bxc4 e6 12. f4 g6 13. Bd2 Nbd7 14. 0-0 c5 15. Ne4 cxd4 16. Nxf6+ Nxf6 17. Bb5+ Ke7 18. Rac1 Bh6 19. Bc6 Rc8 20. Qc5+ Qd6 21. Qxa5 Rb8 22. Bb5 Nd5 23. Qa7+ Kf8 24. Rc6 Qd8 25. Qxd4 Bg7 26. Qc5+ Kg8 27. Bxb4 h5 28. Ba3 Qh4 29. Be2 Kh7 30. Qa7 Nf6 31. f3 e5 32. Be7 Rxb2 33. Bxf6 Bxf6 34. Qxf7+ Kh6 35. Rxf6 Rg8 36. Rf2 Rb7 37. Qxb7 Qxf6 38. Qe4 Re8 39. fxe5 Qb6 40. Qf4+ 1-0

[Event "Olympiad Women-38"]
[Site "Dresden"]
[Date "2008.11.14"]
[Round "2"]
[White "Caoili, Arianne"]
[Black "Cmilyte, Viktorija"]
[Result "0-1"]
[WhiteElo "2170"]
[BlackElo "2512"]
[PlyCount "90"]
[EventDate "2008.11.13"]
[EventType "team-swiss"]
[EventRounds "11"]
[EventCountry "GER"]
[SourceTitle "CBM 128"]
[Source "ChessBase"]
[SourceDate "2009.01.28"]
[SourceVersion "1"]
[SourceVersionDate "2009.01.28"]
[SourceQuality "1"]
[WhiteTeam "Australia (W)"]
[BlackTeam "Lithuania (W)"]
[WhiteTeamCountry "AUS"]
[BlackTeamCountry "LTU"]

1. Nf3 Nf6 2. d4 g6 3. Bf4 Bg7 4. e3 d6 5. h3 0-0 6. Be2 Nbd7 7. 0-0 c6 8. a4 a5 9. Nbd2 Re8 10. Bh2 e5 11. c3 e4 12. Ne1 d5 13. b4 Re6 14. Qb3 axb4 15. cxb4 Ne8 16. Nc2 f5 17. b5 Qa5 18. Nb1 Nb6 19. Nc3 Nd6 20. Nb4 Ndc4 21. Ra2 Bd7 22. Rb1 Rc8 23. Bf1 Kh8 24. Be2 g5 25. Qd1 Rf6 26. h4 gxh4 27. Bf4 Rg8 28. Bf1 Bf8 29. Qb3 Be8 30. Bc7 Rf7 31. Bxb6 Nxb6 32. bxc6 bxc6 33. Na6 Nc4 34. Bxc4 dxc4 35. Qxc4 Rfg7 36. Rab2 Rxg2+ 37. Kf1 Bf7 38. Qxf7 Qxa6+ 39. Nb5 cxb5 40. axb5 Qg6 41. Qxg6 R2xg6 42. b6 Bd6 43. b7 Bb8 44. Ke2 h3 45. Rh1 h2 0-1

[Event "Olympiad Women-38"]
[Site "Dresden"]
[Date "2008.11.13"]
[Round "1"]
[White "Caoili, Arianne"]
[Black "Sharevich, Anna"]
[Result "1-0"]
[WhiteElo "2170"]
[BlackElo "2322"]
[PlyCount "71"]
[EventDate "2008.11.13"]
[EventType "team-swiss"]
[EventRounds "11"]
[EventCountry "GER"]
[SourceTitle "CBM 128"]
[Source "ChessBase"]
[SourceDate "2009.01.28"]
[SourceVersion "1"]
[SourceVersionDate "2009.01.28"]
[SourceQuality "1"]
[WhiteTeam "Australia (W)"]
[BlackTeam "Belarus (W)"]
[WhiteTeamCountry "AUS"]
[BlackTeamCountry "BLR"]

1. d4 d5 2. Nf3 Nf6 3. c4 e6 4. Nc3 Be7 5. Bf4 0-0 6. e3 c5 7. dxc5 Bxc5 8. a3 Nc6 9. Qc2 Qa5 10. 0-0-0 Be7 11. h4 a6 12. g4 b5 13. g5 Ne4 14. Nxe4 dxe4 15. Qxe4 Bb7 16. Rd7 Nd8 17. Rxb7 Nxb7 18. Bd3 g6 19. Qxb7 Bxa3 20. Be5 bxc4 21. h5 Bxb2+ 22. Kxb2 Qb5+ 23. Qxb5 axb5 24. Be4 Ra4 25. Bc2 Raa8 26. Nd2 Rfd8 27. Ne4 b4 28. hxg6 fxg6 29. Nd6 c3+ 30. Kb3 Ra5 31. f4 Rda8 32. Kxb4 Ra2 33. Bb3 Rb8+ 34. Nb5 Rxb5+ 35. Kxb5 Rb2 36. Kc4 1-0